000 00705nam a2200289Ia 4500
005 20260324120327.0
008 008 260324s9999 xx 000 0 eng d
020 _a9780429194436
037 _aEBOOK
040 _aCRL
040 _beng
040 _cCRL
041 _2eng
041 _aeng
084 _qCRL
100 _aSpyridon Kitsinelis; Spiros Kitsinelis
_91158128
245 0 _aLight Sources
245 0 _bBasics of Lighting Technologies and Applications
260 _bTaylor and Francis
260 _c2015
365 _a
365 _b385
856 _uhttp://www.taylorfrancis.com/books/9780429194436
942 _cEBOOK
999 _c1749598
_d1749598